'B' Pictures by Category Quiz Stats

 Plays Quiz Updated Nov 18, 2018

Challenge
Share
Tweet
Score 0/30 Timer 04:00
1 Play Today
Picture Name % Correct
___________________
98.7%
___________________
98.6%
___________________
98.6%
___________________
98.6%
___________________
98.6%
___________________
98.6%
Beer
98.3%
Bacon
98%
Baker
93.5%
BMW
92.9%
Barber
92.4%
Bartender
91%
Britney
81.9%
Boa Constrictor
80.9%
Bic
80.5%
Picture Name % Correct
Blowfish
76.9%
Bloody Mary
73.3%
Baskin Robbins
67%
Bobcat
66%
Badger
65.3%
Bailiff
65.2%
Brooke
60.6%
Billy
59%
Buick
57.9%
Barry
56.2%
Brandenburg Gate (Berlin)
48.5%
Bok Choy
37.4%
Brooklyn Bridge
25.1%
Barcelona
22.2%
Beijing
16.1%

You're not logged in!

Compare scores with friends on all Sporcle quizzes.
OR
Log In

You Might Also Like...

Show Comments

Extras

Top Quizzes Today


Score Distribution

Your Account Isn't Verified!

In order to create a playlist on Sporcle, you need to verify the email address you used during registration. Go to your Sporcle Settings to finish the process.

Report this User

Report this user for behavior that violates our Community Guidelines.

Details: